000 00717nam a2200289Ia 4500
005 20260324125238.0
008 008 260324s9999 xx 000 0 eng d
020 _a9780203892596
037 _aEBOOK
040 _aCRL
040 _beng
040 _cCRL
041 _2eng
041 _aeng
084 _qCRL
100 _aCarolin Kreber
_91165436
245 4 _aThe University and its Disciplines
245 0 _bTeaching and Learning within and beyond disciplinary boundaries
260 _bTaylor and Francis
260 _c2009
365 _a
365 _b230
856 _uhttp://www.taylorfrancis.com/books/9780203892596
942 _cEBOOK
999 _c1772323
_d1772323